000 00291nam a22001217a 4500
041 _aENG
100 _aSahai.B
245 _aRemote Sensing In Development And Managent Og Water Resources
260 _aDeradun
_bIndian Society Of Photo
_c1983
300 _a332
650 _a48
856 _u48
999 _c3116
_d3116